[Event "Excelsior IM Norm qual."]
[Site "Toronto CAN"]
[Date "2023.03.13"]
[Round "2.2"]
[White "Huh, Isaak"]
[Black "Zhong, Ryan Yunhui"]
[Result "1-0"]
[WhiteElo "1801"]
[BlackElo "1636"]
[PlyCount "69"]
[EventDate "2023.03.13"]
[EventType "tourn"]
[EventRounds "7"]
[EventCountry "CAN"]

1. e4 e6 2. d4 d5 3. Nc3 Nf6 4. e5 Nfd7 5. f4 c5 6. Nf3 Nc6 7. Be3 a6 8. Qd2 b5
9. Be2 Qb6 10. O-O cxd4 11. Nxd4 Nc5 12. a3 Nxd4 13. Bxd4 Qc6 14. Kh1 g6 15. b4
Nd7 16. Nxd5 exd5 17. e6 f6 18. exd7+ Bxd7 19. Bf3 Rd8 20. Rae1+ Kf7 21. Bb2
Bf5 22. g4 Bc8 23. Re2 h6 24. f5 g5 25. Rfe1 Bg7 26. Re7+ Kg8 27. Qe3 h5 28.
Rxg7+ Kxg7 29. Qxg5+ Kf8 30. Bxf6 Rd7 31. Bxh8 hxg4 32. Qxg4 Rh7 33. Bd4 Bb7
34. Bc5+ Kf7 35. Re7+ 1-0

[Event "Excelsior IM Norm qual."]
[Site "Toronto CAN"]
[Date "2023.03.13"]
[Round "2.3"]
[White "Marchand, Calix"]
[Black "Clyde, Jordan"]
[Result "0-1"]
[WhiteElo "1708"]
[BlackElo "2114"]
[PlyCount "152"]
[EventDate "2023.03.13"]
[EventType "tourn"]
[EventRounds "7"]
[EventCountry "CAN"]

1. e4 d6 2. d4 Nf6 3. Nc3 c6 4. Be2 b5 5. a3 a6 6. f4 d5 7. e5 Ne4 8. Nxe4 dxe4
9. Be3 f5 10. c4 bxc4 11. Bxc4 e6 12. Qb3 Qe7 13. Ne2 a5 14. Nc3 Nd7 15. Na4
Rb8 16. Qc3 Qd8 17. Bxe6 Nxe5 18. fxe5 Bxe6 19. Qxc6+ Qd7 20. Qxd7+ Bxd7 21.
Nc3 Rxb2 22. d5 Bb5 23. Nxb5 Rxb5 24. Rd1 Bxa3 25. O-O Rf8 26. g4 Rb3 27. Bc1
Bc5+ 28. Kg2 e3 29. Rxf5 Rxf5 30. gxf5 a4 31. Kf3 a3 32. Bxa3 Rxa3 33. Re1 Ra5
34. Rb1 Ra7 35. Ke4 Ra4+ 36. Kf3 e2 37. e6 Rd4 38. Kxe2 Rxd5 39. Rb7 Bd4 40.
Rb8+ Rd8 41. Rb7 Bf6 42. Ke3 Rd5 43. Ke4 Re5+ 44. Kf4 Rc5 45. Rb8+ Bd8 46. Rb7
Bc7+ 47. Ke4 Ke7 48. Kd4 Kd6 49. Ke4 Kc6 50. Rb1 Re5+ 51. Kd4 Rxf5 52. Rc1+ Kd6
53. e7 Rd5+ 54. Kc4 Re5 55. Kd4 Rxe7 56. Kc4 Re2 57. Rg1 g6 58. Rh1 Kc6 59. h4
Rh2 60. Rxh2 Bxh2 61. Kd4 Kd6 62. Ke4 Ke6 63. Kf3 Kf5 64. h5 g5 65. Kg2 Be5 66.
Kf3 g4+ 67. Ke3 Kg5 68. h6 Kh4 69. Kf2 Kh3 70. Kg1 g3 71. Kf1 g2+ 72. Ke2 g1=Q
73. Kd3 Qd4+ 74. Ke2 Kg2 75. Ke1 Kf3 76. Kf1 Qa1# 0-1

[Event "Excelsior IM Norm qual."]
[Site "Toronto CAN"]
[Date "2023.03.13"]
[Round "2.4"]
[White "Heran-Boily, Samuel"]
[Black "Zhu, Matthew"]
[Result "0-1"]
[WhiteElo "1877"]
[BlackElo "1773"]
[PlyCount "124"]
[EventDate "2023.03.13"]
[EventType "tourn"]
[EventRounds "7"]
[EventCountry "CAN"]

1. e4 c5 2. Nf3 d6 3. Bc4 Nc6 4. O-O Nf6 5. Re1 g6 6. c3 Bg7 7. Bb3 O-O 8. d4
cxd4 9. cxd4 Bg4 10. Nc3 e5 11. dxe5 dxe5 12. Be3 Qa5 13. Qc2 Bxf3 14. gxf3
Rac8 15. Rad1 Nd4 16. Bxd4 exd4 17. Rxd4 Qg5+ 18. Kh1 Nh5 19. Rg1 Qh4 20. Rd5
Nf4 21. Rdg5 Nh3 22. R5g2 Nxg1 23. Kxg1 Bxc3 24. bxc3 Qf6 25. Rg3 Rxc3 26. Qe2
Re8 27. Kg2 Rc5 28. Qd2 Rd8 29. Bd5 Qe7 30. Qb4 a5 31. Qb6 Rd7 32. h4 Qd6 33.
Qa7 h5 34. Rg5 Rdc7 35. f4 Kg7 36. f5 Rxd5 37. f6+ Qxf6 38. exd5 Rc4 39. Qxa5
Rxh4 40. Rg3 Rf4 41. Qd2 h4 42. Rd3 Rg4+ 43. Kf1 Qa6 44. Qc3+ Kh7 45. d6 h3 46.
Ke1 Rg1+ 47. Ke2 h2 48. Qb3 h1=Q 49. Qxf7+ Kh6 50. Qf8+ Kh5 51. Qh8+ Kg5 52.
Qe5+ Kg4 53. Qe6+ Kh5 54. Qe5+ Kh4 55. Qf6+ Kh5 56. Qh8+ Kg4 57. Qd4+ Kf5 58.
Qc5+ Kf6 59. Qd4+ Kf7 60. Qf4+ Kg8 61. d7 Re1+ 62. Kd2 Rd1+ 0-1

[Event "Excelsior IM Norm qual."]
[Site "Toronto CAN"]
[Date "2023.03.14"]
[Round "3.1"]
[White "Clyde, Jordan"]
[Black "Heran-Boily, Samuel"]
[Result "1/2-1/2"]
[WhiteElo "2114"]
[BlackElo "1877"]
[PlyCount "106"]
[EventDate "2023.03.13"]
[EventType "tourn"]
[EventRounds "7"]
[EventCountry "CAN"]

1. d3 e5 2. g3 d5 3. Bg2 Be6 4. c4 c6 5. Nf3 dxc4 6. dxc4 Qxd1+ 7. Kxd1 Nd7 8.
Nbd2 O-O-O 9. Ng5 Nc5 10. Nxe6 Nxe6 11. Bh3 Re8 12. Ne4 Kc7 13. e3 Nh6 14. g4
f6 15. Kc2 Nf7 16. Ng3 g6 17. Bg2 Be7 18. b3 Rd8 19. Bb2 Rd7 20. Bc3 Rhd8 21.
b4 Nd6 22. Bf1 Ng5 23. h4 Nge4 24. c5 Nxf2 25. cxd6+ Rxd6 26. Be2 Nxh1 27. Rxh1
b5 28. g5 Re6 29. gxf6 Bxf6 30. Ne4 Bh8 31. Rf1 Re7 32. Bg4 Kb6 33. Ng5 e4 34.
Rf7 Rxf7 35. Nxf7 Bxc3 36. Nxd8 Bxb4 37. Ne6 Be1 38. h5 gxh5 39. Bf5 a5 40.
Bxe4 h4 41. Kd1 Bc3 42. Bxh7 c5 43. Nf4 Kc6 44. Bf5 c4 45. Ng6 Bf6 46. e4 Kd6
47. Ke2 b4 48. e5+ Bxe5 49. Nxh4 b3 50. axb3 cxb3 51. Nf3 Bf6 52. Kd3 Kc5 53.
Nd2 Kb4 1/2-1/2

[Event "Excelsior IM Norm qual."]
[Site "Toronto CAN"]
[Date "2023.03.14"]
[Round "3.3"]
[White "Zhong, Ryan Yunhui"]
[Black "Marchand, Calix"]
[Result "1-0"]
[WhiteElo "1636"]
[BlackElo "1708"]
[PlyCount "47"]
[EventDate "2023.03.13"]
[EventType "tourn"]
[EventRounds "7"]
[EventCountry "CAN"]

1. e4 c5 2. Nf3 e6 3. c3 d5 4. exd5 Qxd5 5. d4 Nc6 6. Be2 cxd4 7. cxd4 Nf6 8.
Nc3 Qd8 9. O-O Be7 10. a3 O-O 11. Bd3 b6 12. Bc2 Bb7 13. Qd3 Qd6 14. Re1 Rad8
15. d5 exd5 16. Bg5 g6 17. Nb5 Qd7 18. Rxe7 Nxe7 19. Bxf6 Rc8 20. Qd2 Nf5 21.
Nbd4 Ng7 22. Qh6 Nh5 23. Nf5 Rfe8 24. Qxh7+ 1-0

[Event "Excelsior IM Norm qual."]
[Site "Toronto CAN"]
[Date "2023.03.14"]
[Round "3.4"]
[White "Kim, Noah"]
[Black "Huh, Isaak"]
[Result "1/2-1/2"]
[WhiteElo "1748"]
[BlackElo "1801"]
[PlyCount "95"]
[EventDate "2023.03.13"]
[EventType "tourn"]
[EventRounds "7"]
[EventCountry "CAN"]

1. d4 d5 2. c4 e6 3. Nf3 Nf6 4. Nc3 Bb4 5. cxd5 exd5 6. Bg5 Qd6 7. Nd2 O-O 8.
e3 c6 9. Bd3 Nbd7 10. O-O Re8 11. Qc2 Nf8 12. a3 Bxc3 13. Qxc3 Ne4 14. Nxe4
dxe4 15. Bf4 Qg6 16. Bc4 Be6 17. b4 h5 18. h4 Qg4 19. Bg3 Ng6 20. Bxe6 Rxe6 21.
Qe1 Nxh4 22. Bxh4 Qxh4 23. f4 Qxe1 24. Rfxe1 Rd8 25. Rac1 Rd5 26. Rc5 g6 27.
Rec1 Red6 28. Kf2 Kf8 29. Kg3 Ke7 30. a4 Kd7 31. Kh4 b6 32. R5c4 a5 33. Rb1
axb4 34. Rcxb4 Ra5 35. Rxb6 Rxa4 36. g4 hxg4 37. Kxg4 Ra3 38. R6b3 Rxb3 39.
Rxb3 Ke6 40. Rc3 Kf6 41. Rc5 Kg7 42. f5 Rd5 43. f6+ Kxf6 44. Rxc6+ Ke7 45. Kf4
Rd6 46. Rc7+ Rd7 47. Rc6 Rd6 48. Rc7+ 1/2-1/2

[Event "Excelsior IM Norm qual."]
[Site "Toronto CAN"]
[Date "2023.03.14"]
[Round "4.1"]
[White "Marchand, Calix"]
[Black "Kim, Noah"]
[Result "1-0"]
[WhiteElo "1708"]
[BlackElo "1748"]
[PlyCount "73"]
[EventDate "2023.03.13"]
[EventType "tourn"]
[EventRounds "7"]
[EventCountry "CAN"]

1. e4 c6 2. d4 d5 3. e5 Bf5 4. h4 h5 5. Bg5 Qb6 6. Bd3 Bxd3 7. Qxd3 e6 8. Nd2
Ne7 9. Ngf3 Nf5 10. c4 Qa6 11. b3 Bb4 12. O-O O-O 13. Rfc1 c5 14. a3 Bxd2 15.
Qxd2 dxc4 16. Rxc4 cxd4 17. Nxd4 Nxd4 18. Qxd4 Nc6 19. Qf4 Qb5 20. Re4 Qd5 21.
Rae1 Rae8 22. R1e3 Qd1+ 23. Kh2 Ne7 24. Bxe7 Rxe7 25. Rg3 Rc7 26. Rd4 Qe2 27.
Rd2 Qe1 28. Rdd3 g6 29. Qf6 Qe4 30. Rd8 Rc8 31. Rd7 a5 32. Rf3 a4 33. Rxf7 Rxf7
34. Qxf7+ Kh8 35. Qf6+ Kh7 36. bxa4 Qxa4 37. Qe7+ 1-0

[Event "Excelsior IM Norm qual."]
[Site "Toronto CAN"]
[Date "2023.03.14"]
[Round "4.2"]
[White "Heran-Boily, Samuel"]
[Black "Zhong, Ryan Yunhui"]
[Result "1-0"]
[WhiteElo "1877"]
[BlackElo "1636"]
[PlyCount "122"]
[EventDate "2023.03.13"]
[EventType "tourn"]
[EventRounds "7"]
[EventCountry "CAN"]

1. e4 e6 2. d4 d5 3. Nd2 c5 4. exd5 Qxd5 5. Ngf3 cxd4 6. Bc4 Qd6 7. O-O Nf6 8.
Nb3 Nc6 9. Nbxd4 Nxd4 10. Nxd4 Be7 11. c3 O-O 12. Qf3 Qc7 13. Bb3 Bd7 14. Bf4
Qb6 15. Rfe1 a5 16. Rab1 a4 17. Bc2 Ra5 18. b4 Rd5 19. Be3 Qc7 20. Rbc1 Bd6 21.
h3 e5 22. Bg5 e4 23. Qe3 Rxg5 24. Qxg5 Bf4 25. Qc5 Qxc5 26. bxc5 Bxc1 27. Rxc1
Rc8 28. c6 bxc6 29. Bxa4 Nd5 30. Ne2 f5 31. Rd1 Be6 32. Bb3 Bf7 33. Rd4 g5 34.
g4 fxg4 35. hxg4 Re8 36. c4 Nf6 37. Ng3 c5 38. Rd6 Nxg4 39. Rc6 Re5 40. Bd1 h5
41. a4 h4 42. Nf1 Be8 43. Rc8 Nf6 44. a5 Kh7 45. a6 Re7 46. Rxc5 Kh6 47. Ne3
Ra7 48. Ra5 Bd7 49. Bc2 Kh5 50. Nd5 Nxd5 51. cxd5 e3 52. fxe3 Kg4 53. d6 h3 54.
Be4 Kh4 55. Bb7 g4 56. Re5 Kg3 57. Rh5 Bc6 58. d7 Bxd7 59. Kf1 Bc6 60. Bxc6
Rxa6 61. Bb7 Kh2 1-0

[Event "Excelsior IM Norm qual."]
[Site "Toronto CAN"]
[Date "2023.03.14"]
[Round "4.4"]
[White "Zhu, Matthew"]
[Black "Clyde, Jordan"]
[Result "0-1"]
[WhiteElo "1773"]
[BlackElo "2114"]
[PlyCount "92"]
[EventDate "2023.03.13"]
[EventType "tourn"]
[EventRounds "7"]
[EventCountry "CAN"]

1. e4 d6 2. d4 c6 3. Nc3 Nf6 4. f4 Qa5 5. Bd3 e5 6. fxe5 dxe5 7. dxe5 Ng4 8.
Be2 h5 9. h3 Nxe5 10. Nf3 Nxf3+ 11. Bxf3 Nd7 12. Qd4 Ne5 13. Bf4 f6 14. O-O-O
Be6 15. Rhe1 Bb4 16. Nd5 c5 17. Qe3 Qxa2 18. Nxb4 Qa1+ 19. Kd2 Nc4+ 20. Ke2
Qxd1+ 21. Rxd1 Nxe3 22. Rd6 Nc4 23. Rxe6+ Kd7 24. Nd5 Kxe6 25. Nc7+ Kd7 26.
Nxa8 Ne5 27. Be3 Nxf3 28. Kxf3 Rc8 29. g4 hxg4+ 30. Kxg4 Ke6 31. h4 g6 32. c3
c4 33. Nb6 axb6 34. Bxb6 Ra8 35. Bc5 Ra5 36. Bb4 Rb5 37. Ba3 Re5 38. Kf4 Rh5
39. Kg4 Ke5 40. Be7 Rh7 41. Bc5 Kxe4 42. Bd4 f5+ 43. Kg5 Rh5+ 44. Kxg6 Rxh4 45.
Kg5 Rg4+ 46. Kh5 Rg2 0-1

[Event "Excelsior IM Norm qual."]
[Site "Toronto CAN"]
[Date "2023.03.15"]
[Round "5.1"]
[White "Zhong, Ryan Yunhui"]
[Black "Zhu, Matthew"]
[Result "0-1"]
[WhiteElo "1636"]
[BlackElo "1773"]
[PlyCount "176"]
[EventDate "2023.03.13"]
[EventType "tourn"]
[EventRounds "7"]
[EventCountry "CAN"]

1. e4 c5 2. Nf3 d6 3. Bb5+ Bd7 4. Bxd7+ Qxd7 5. O-O Nc6 6. c3 Nf6 7. Re1 e6 8.
d4 cxd4 9. cxd4 d5 10. e5 Ne4 11. Nbd2 Nxd2 12. Bxd2 Bb4 13. Rc1 Bxd2 14. Qxd2
O-O 15. Ng5 h6 16. Nh3 Rac8 17. Rc3 Ne7 18. Ra3 a6 19. Nf4 Qc7 20. Rb3 b5 21.
Nd3 Qc4 22. Nc5 Nc6 23. Rd3 Qb4 24. Qd1 Nxd4 25. Nxa6 Qa5 26. Rxd4 Qxa6 27. Qb3
Rc4 28. Rd3 Rfc8 29. Rg3 Rc1 30. Rge3 Qa5 31. Kf1 R1c4 32. a3 R8c5 33. h3 b4
34. Rg3 bxa3 35. bxa3 Rb5 36. Qe3 Re4 37. Qc1 Rc5 38. Qb1 Rxe1+ 39. Qxe1 Qc7
40. Rd3 Rc1 41. Rd1 Rc3 42. Ra1 Qc4+ 43. Kg1 d4 44. a4 d3 45. a5 Rc2 46. Rd1
Ra2 47. Rb1 Re2 48. Qf1 Rxe5 49. Ra1 Qa6 50. Kh2 Qd6 51. Kg1 d2 52. a6 Qd4 53.
Rd1 Ra5 54. Kh1 Qa7 55. Rxd2 Qxa6 56. Qxa6 Rxa6 57. Kh2 Kh7 58. Kg3 Ra3+ 59. f3
Kg6 60. Rd4 Ra2 61. Rg4+ Kf6 62. Rf4+ Kg6 63. Rg4+ Kh7 64. h4 Ra5 65. Rb4 Kg6
66. Rg4+ Kf6 67. Rf4+ Rf5 68. Re4 Ke7 69. Kf2 Ra5 70. g4 h5 71. Kg3 hxg4 72.
Rxg4 Kf6 73. Rb4 Ra1 74. Rf4+ Ke7 75. Rb4 Rg1+ 76. Kf2 Rg6 77. Ke3 Rh6 78. Re4
Rh5 79. Rg4 Kf6 80. Kf4 Rxh4 81. Rxh4 g5+ 82. Kg4 gxh4 83. Kxh4 Kf5 84. Kg3 e5
85. Kf2 Kf4 86. Ke2 Kg3 87. Ke3 f5 88. Ke2 f4 0-1

[Event "Excelsior IM Norm qual."]
[Site "Toronto CAN"]
[Date "2023.03.15"]
[Round "5.2"]
[White "Kim, Noah"]
[Black "Heran-Boily, Samuel"]
[Result "1/2-1/2"]
[WhiteElo "1748"]
[BlackElo "1877"]
[PlyCount "94"]
[EventDate "2023.03.13"]
[EventType "tourn"]
[EventRounds "7"]
[EventCountry "CAN"]

1. d4 d5 2. Nc3 Nf6 3. Bf4 e6 4. Nb5 Na6 5. e3 c6 6. Nc3 b6 7. a3 Bd6 8. Qf3
O-O 9. g4 Bxf4 10. exf4 c5 11. Bxa6 Bxa6 12. O-O-O Qc7 13. Nge2 Rac8 14. Rhe1
Rfd8 15. h4 Bxe2 16. Rxe2 Nd7 17. f5 Nf8 18. f6 gxf6 19. h5 Nd7 20. Qe3 cxd4
21. Qxd4 Qc5 22. Qf4 Qf8 23. h6 Rc4 24. Qh2 Rxg4 25. Qc7 Ne5 26. Qxa7 Qxh6+ 27.
Kb1 Qf8 28. f3 Rg7 29. f4 Nc4 30. f5 Ra8 31. Qb7 Nxa3+ 32. bxa3 Qxa3 33. Qxa8+
Qxa8 34. fxe6 fxe6 35. Rxe6 Qa3 36. Nxd5 Ra7 37. Rg1+ Rg7 38. Re8+ Kf7 39. Re7+
Qxe7 40. Rxg7+ Kxg7 41. Nxe7 h5 42. Kc1 Kf7 43. Nd5 h4 44. Nf4 f5 45. Kd2 Kf6
46. Ke3 b5 47. c3 Kg5 1/2-1/2

[Event "Excelsior IM Norm qual."]
[Site "Toronto CAN"]
[Date "2023.04.15"]
[Round "5.3"]
[White "Huh, Isaak"]
[Black "Marchand, Calix"]
[Result "0-1"]
[WhiteElo "1801"]
[BlackElo "1708"]
[PlyCount "120"]
[EventDate "2023.03.13"]
[EventType "tourn"]
[EventRounds "7"]
[EventCountry "CAN"]

1. e4 c5 2. Nf3 e6 3. c3 d5 4. exd5 Qxd5 5. d4 Nc6 6. Na3 Nf6 7. Nb5 Qd8 8. Bf4
Nd5 9. Bg3 a6 10. Na3 cxd4 11. cxd4 Bb4+ 12. Nd2 Nxd4 13. Bd3 Qg5 14. Nab1 Bd7
15. a3 Ne3 16. fxe3 Qxe3+ 17. Be2 Bb5 18. axb4 Bxe2 19. Nf1 Qe4 20. Nc3 Nc2+
21. Kf2 Bxd1 22. Nxe4 Nxa1 23. Ne3 Bh5 24. Rxa1 O-O 25. Nc4 Rad8 26. Ned6 Rd7
27. Nb6 Rc7 28. Ndc4 Rc6 29. Ra5 Bg6 30. Rc5 Be4 31. Bc7 f6 32. Rxc6 Bxc6 33.
Nd6 g6 34. Nbc4 e5 35. Na5 Bd5 36. Bb6 f5 37. Nac4 Bxc4 38. Nxc4 Re8 39. Bc5
Re6 40. Nb6 Kf7 41. Kf3 h6 42. g3 g5 43. Nc4 Kf6 44. Nb6 Re8 45. Nd5+ Kf7 46.
h3 Rd8 47. Nb6 Rd3+ 48. Kf2 Rd2+ 49. Ke3 Rxb2 50. Nc4 Rb3+ 51. Kf2 Ke6 52. Nb6
Ra3 53. Bf8 h5 54. Bh6 g4 55. hxg4 hxg4 56. Bf8 Rf3+ 57. Kg2 e4 58. Bc5 e3 59.
Nc4 e2 60. Bf2 Rc3 0-1

[Event "Excelsior IM Norm qual."]
[Site "Toronto CAN"]
[Date "2023.03.15"]
[Round "6.1"]
[White "Heran-Boily, Samuel"]
[Black "Huh, Isaak"]
[Result "0-1"]
[WhiteElo "1877"]
[BlackElo "1801"]
[PlyCount "78"]
[EventDate "2023.03.13"]
[EventType "tourn"]
[EventRounds "7"]
[EventCountry "CAN"]

1. e4 e5 2. Nf3 Nc6 3. Bb5 a6 4. Ba4 Nf6 5. d3 d6 6. c3 g6 7. O-O b5 8. Bc2 Bg7
9. Re1 O-O 10. Nbd2 Nb8 11. Nf1 Nbd7 12. Ng3 Bb7 13. Be3 c5 14. Qc1 Qe7 15. Bg5
Rfe8 16. h4 h5 17. Bb3 Rac8 18. Bh6 Ng4 19. Bxg7 Kxg7 20. Ng5 Rf8 21. f3 Nh6
22. f4 exf4 23. Qxf4 c4 24. Bc2 cxd3 25. Bxd3 Ne5 26. Rad1 Rc6 27. Be2 Bc8 28.
Rd4 Bg4 29. Red1 Bxe2 30. Nxe2 Nhg4 31. Qg3 Rb8 32. Nf4 a5 33. Nd5 Qa7 34. Kf1
b4 35. Nh3 bxc3 36. bxc3 Rb2 37. R4d2 Rxd2 38. Rxd2 Rc4 39. Qe1 Nh2+ 0-1

[Event "Excelsior IM Norm qual."]
[Site "Toronto CAN"]
[Date "2023.03.15"]
[Round "6.2"]
[White "Clyde, Jordan"]
[Black "Zhong, Ryan Yunhui"]
[Result "1-0"]
[WhiteElo "2114"]
[BlackElo "1636"]
[PlyCount "95"]
[EventDate "2023.03.13"]
[EventType "tourn"]
[EventRounds "7"]
[EventCountry "CAN"]

1. d3 d5 2. e4 d4 3. f4 c5 4. Nf3 Nc6 5. Be2 g6 6. O-O Qc7 7. f5 Bh6 8. Ng5 f6
9. Nh3 Bxc1 10. Qxc1 e5 11. fxe6 Bxe6 12. Nf4 Bf7 13. Bg4 Ne5 14. Be6 Bxe6 15.
Nxe6 Qd6 16. Nf4 Ng4 17. Na3 Ne3 18. Nc4 Nxc4 19. dxc4 Ne7 20. Qd1 h5 21. Qf3
O-O-O 22. Nxg6 Rhg8 23. Nxe7+ Qxe7 24. Qxf6 Qxe4 25. Qf5+ Qxf5 26. Rxf5 b6 27.
Rxh5 Rde8 28. Rf5 Kd7 29. Rf7+ Kd6 30. Raf1 Ra8 31. R1f6+ Ke5 32. Kf2 Rg5 33.
Rf8 Rxf8 34. Rxf8 a6 35. h4 Rh5 36. g3 b5 37. Re8+ Kf6 38. Ra8 bxc4 39. Rxa6+
Ke5 40. Rg6 Rf5+ 41. Ke2 Ke4 42. Rg4+ Ke5 43. Rg5 Ke4 44. Rxf5 Kxf5 45. a4 Ke4
46. a5 d3+ 47. cxd3+ cxd3+ 48. Kd2 1-0

[Event "Excelsior IM Norm qual."]
[Site "Toronto CAN"]
[Date "2023.03.15"]
[Round "6.3"]
[White "Zhu, Matthew"]
[Black "Kim, Noah"]
[Result "1/2-1/2"]
[WhiteElo "1773"]
[BlackElo "1748"]
[PlyCount "82"]
[EventDate "2023.03.13"]
[EventType "tourn"]
[EventRounds "7"]
[EventCountry "CAN"]

1. e4 c5 2. Nf3 d6 3. d4 cxd4 4. Nxd4 Nf6 5. Nc3 a6 6. Bg5 e6 7. f4 Be7 8. Qf3
Qc7 9. Be2 Nbd7 10. Nb3 b5 11. a3 Bb7 12. O-O Nc5 13. Bd3 h6 14. Bh4 O-O 15.
Bf2 Rac8 16. Rae1 Rfd8 17. Qh3 d5 18. Nxc5 Bxc5 19. exd5 Nxd5 20. Nxd5 Bxd5 21.
f5 exf5 22. Qxf5 g6 23. Qh3 Kg7 24. Kh1 Bxf2 25. Rxf2 Re8 26. Ref1 Qe5 27. Qh4
Qg5 28. Qd4+ Kg8 29. Kg1 h5 30. a4 h4 31. axb5 h3 32. g3 axb5 33. b3 Re3 34.
Qf4 Qxf4 35. Rxf4 Bxb3 36. Kf2 Rxd3 37. cxd3 Rc2+ 38. Ke3 Rxh2 39. Rb1 Ba4 40.
Rf2 Rxf2 41. Kxf2 Bc2 1/2-1/2

[Event "Excelsior IM Norm qual."]
[Site "Toronto CAN"]
[Date "2023.03.16"]
[Round "7.1"]
[White "Kim, Noah"]
[Black "Clyde, Jordan"]
[Result "0-1"]
[WhiteElo "1748"]
[BlackElo "2114"]
[PlyCount "70"]
[EventDate "2023.03.13"]
[EventType "tourn"]
[EventRounds "7"]
[EventCountry "CAN"]

1. Nf3 d6 2. d4 g6 3. c4 Bg7 4. Nc3 Bg4 5. e3 c5 6. Be2 Nc6 7. O-O Qd7 8. d5
Nd8 9. e4 e5 10. dxe6 Nxe6 11. Be3 Ne7 12. Nb5 Bxf3 13. Nxd6+ Qxd6 14. Qxd6
Bxe2 15. Bxc5 Nc6 16. Rfe1 Bf8 17. Qg3 Bxc5 18. Rxe2 Ncd4 19. Rd2 O-O-O 20. Kf1
Rd7 21. Rad1 Rhd8 22. a3 Bd6 23. Qg4 h5 24. Qh3 Bf4 25. Rd3 Be5 26. g3 Nf3 27.
Rxd7 Rxd7 28. Rxd7 Kxd7 29. b4 Kc7 30. c5 Ned4 31. a4 Ne2 32. g4 Neg1 33. Qg2
hxg4 34. b5 b6 35. c6 Kd8 0-1

[Event "Excelsior IM Norm qual."]
[Site "Toronto CAN"]
[Date "2023.03.16"]
[Round "7.2"]
[White "Huh, Isaak"]
[Black "Zhu, Matthew"]
[Result "0-1"]
[WhiteElo "1801"]
[BlackElo "1773"]
[PlyCount "74"]
[EventDate "2023.03.13"]
[EventType "tourn"]
[EventRounds "7"]
[EventCountry "CAN"]

1. e4 c5 2. Nf3 d6 3. d4 cxd4 4. Nxd4 Nf6 5. Nc3 a6 6. Bg5 e6 7. f4 Qb6 8. Nb3
Nc6 9. Qd2 Be7 10. O-O-O Qc7 11. Be2 Rb8 12. Rhe1 b5 13. Bxf6 gxf6 14. Bh5 b4
15. Ne2 a5 16. Nbd4 a4 17. Nxc6 Qxc6 18. Nd4 Qc5 19. Bf3 Bd7 20. Kb1 O-O 21.
Re3 Rfc8 22. Rc1 Bd8 23. Bd1 Ba5 24. Qd3 Bb6 25. Rg3+ Kf8 26. Ne2 Bb5 27. Qd2
Bc6 28. Qd3 Ke7 29. Rh3 Rg8 30. Ng3 Bb5 31. Qf3 Rgc8 32. Rxh7 b3 33. axb3 axb3
34. c3 Qe3 35. Be2 Ra8 36. Qxe3 Bxe3 37. Bxb5 Ra5 0-1

[Event "Excelsior IM Norm qual."]
[Site "Toronto CAN"]
[Date "2023.03.15"]
[Round "7.4"]
[White "Marchand, Calix"]
[Black "Heran-Boily, Samuel"]
[Result "0-1"]
[WhiteElo "1708"]
[BlackElo "1877"]
[PlyCount "196"]
[EventDate "2023.03.13"]
[EventType "tourn"]
[EventRounds "7"]
[EventCountry "CAN"]

1. e4 c6 2. d4 d5 3. e5 Bf5 4. h4 h5 5. Bg5 Qb6 6. Bd3 Qxd4 7. Nf3 Qg4 8. Bxf5
Qxf5 9. c4 Qe4+ 10. Be3 e6 11. Qb3 Qxc4 12. Qxb7 Qb4+ 13. Qxb4 Bxb4+ 14. Ke2
Ne7 15. Rc1 Nd7 16. Nbd2 Ba5 17. Nb3 Bb6 18. Rc2 O-O 19. Rac1 Rfc8 20. Nc5 Nxc5
21. Bxc5 Bxc5 22. Rxc5 Rab8 23. b3 Rb4 24. Kd3 Re4 25. g3 Rb4 26. Nd4 Rb6 27.
R1c3 Kh7 28. a3 Ng6 29. Nf3 f6 30. Kd4 Ne7 31. b4 Nf5+ 32. Kd3 a6 33. Rc1 Kg6
34. Kc3 Kf7 35. Re1 Rb5 36. Rb1 a5 37. Nd4 axb4+ 38. axb4 Rxc5+ 39. bxc5 fxe5
40. Rb7+ Kf6 41. Nf3 e4 42. Ng5 d4+ 43. Kc2 e3 44. Ne4+ Kg6 45. fxe3 Nxe3+ 46.
Kd3 Nf5 47. Nd6 Nxd6 48. cxd6 Rd8 49. Kxd4 Rxd6+ 50. Ke5 Rd3 51. Kf4 e5+ 52.
Kxe5 Rxg3 53. Rb6 Rg4 54. Rxc6+ Kh7 55. Rc7 Rxh4 56. Kf5 Rg4 57. Rc8 Rg1 58.
Rc2 g6+ 59. Kf4 Kh6 60. Rc6 Rf1+ 61. Kg3 Rd1 62. Kg2 Rd3 63. Rc1 h4 64. Kg1 Rd2
65. Kh1 Kh5 66. Kg1 g5 67. Kh1 h3 68. Kg1 Kh4 69. Kh1 g4 70. Rc4 Kg3 71. Rc3+
Kh4 72. Rc4 Rf2 73. Kg1 Rf3 74. Kh2 Re3 75. Rb4 Kg5 76. Rc4 Kf5 77. Rb4 Re2+
78. Kh1 g3 79. Rb1 Kf4 80. Rf1+ Ke3 81. Ra1 Rd2 82. Re1+ Kf2 83. Rg1 Kf3 84.
Re1 Re2 85. Rf1+ Ke3 86. Rd1 Rd2 87. Re1+ Kd3 88. Ra1 Ke2 89. Kg1 Rd1+ 90. Rxd1
Kxd1 91. Kf1 Kd2 92. Kg1 Ke2 93. Kh1 g2+ 94. Kh2 Kf1 95. Kxh3 g1=Q 96. Kh4 Qg6
97. Kh3 Qg5 98. Kh2 Qg2# 0-1

[Event "Excelsior January U1600"]
[Site "Toronto CAN"]
[Date "2023.01.06"]
[Round "1.17"]
[White "Chen, Sam"]
[Black "Anish, Diganth"]
[Result "1-0"]
[WhiteElo "1449"]
[BlackElo "1016"]
[PlyCount "95"]
[EventDate "2023.01.06"]
[EventType "swiss"]
[EventRounds "5"]
[EventCountry "CAN"]

1. e4 e5 2. Nf3 Nc6 3. Bc4 Bc5 4. O-O Nf6 5. d4 Bxd4 6. Nxd4 exd4 7. e5 Ne4 8.
Re1 d5 9. exd6 cxd6 10. Rxe4+ Ne7 11. Qxd4 O-O 12. Bg5 Re8 13. Rxe7 Rxe7 14.
Bxe7 Qxe7 15. Qe3 Qd8 16. Nc3 Bf5 17. Bd3 Be6 18. Be4 Qa5 19. Rd1 Rd8 20. h3 b5
21. Qg5 h6 22. Qxb5 Qc7 23. Qc6 Qe7 24. Nb5 Bd7 25. Qb7 Qg5 26. Rxd6 Qc1+ 27.
Kh2 Qf4+ 28. g3 Qxf2+ 29. Bg2 Re8 30. Rxd7 Re1 31. Qxa7 Re3 32. Qb8+ Kh7 33.
Qf4 Qe1 34. Qf5+ Kh8 35. Rd8+ Re8 36. Rxe8+ Qxe8 37. Qd5 g6 38. Qa8 Qxa8 39.
Bxa8 Kg7 40. Bd5 Kf6 41. a4 Ke7 42. a5 Kd7 43. a6 Kc8 44. a7 Kd7 45. a8=Q Ke7
46. Qb7+ Kf6 47. Qxf7+ Kg5 48. Qf4+ 1-0

[Event "Excelsior January U1600"]
[Site "Toronto CAN"]
[Date "2023.01.06"]
[Round "1.18"]
[White "Sreekumar, Gayathri"]
[Black "Cottrell, Deparse"]
[Result "0-1"]
[WhiteElo "965"]
[BlackElo "1447"]
[PlyCount "64"]
[EventDate "2023.01.06"]
[EventType "swiss"]
[EventRounds "5"]
[EventCountry "CAN"]

1. d4 Nf6 2. c4 e6 3. Nf3 Bb4+ 4. Bd2 Bxd2+ 5. Qxd2 O-O 6. g3 d5 7. Bg2 Bd7 8.
O-O Bc6 9. Nc3 Nbd7 10. a3 dxc4 11. Rac1 Qe7 12. Rfe1 Rad8 13. e4 Nc5 14. d5
Nb3 15. Qc2 Nxc1 16. Qxc1 Be8 17. e5 Nxd5 18. Nxd5 exd5 19. Ng5 h6 20. Nf3 Bd7
21. Nd4 Be6 22. f4 c5 23. Nf3 b5 24. Nh4 d4 25. f5 Bd5 26. e6 Bxg2 27. exf7+
Qxf7 28. Kxg2 Rfe8 29. Rf1 Re2+ 30. Kg1 d3 31. Ng6 d2 32. Qd1 Qe8 0-1

[Event "Excelsior January U1600"]
[Site "Toronto CAN"]
[Date "2023.01.06"]
[Round "1.19"]
[White "Parakin, Don"]
[Black "Sekaran, Adithya"]
[Result "1-0"]
[WhiteElo "1441"]
[BlackElo "957"]
[PlyCount "61"]
[EventDate "2023.01.06"]
[EventType "swiss"]
[EventRounds "5"]
[EventCountry "CAN"]

1. d4 Nf6 2. Nf3 d5 3. g3 g6 4. Bg2 Bg7 5. c4 e6 6. Nc3 Nc6 7. cxd5 exd5 8. O-O
O-O 9. Bf4 Bf5 10. Ne5 Nxe5 11. dxe5 Nh5 12. Qxd5 Nxf4 13. gxf4 Qc8 14. Qc5 Re8
15. Nd5 Qd7 16. Qxc7 Qb5 17. Ne7+ Kf8 18. Nxf5 gxf5 19. Qxb7 Qxb7 20. Bxb7 Rab8
21. Bc6 Rec8 22. Bd7 Rc7 23. Bxf5 Rxb2 24. Bxh7 Rxe2 25. Rfe1 Rd2 26. Kg2 Rb7
27. Rab1 Rc7 28. a3 Rd4 29. f5 Rh4 30. f6 Rxh7 31. Rb8+ 1-0

[Event "Excelsior January U1600"]
[Site "Toronto CAN"]
[Date "2023.01.06"]
[Round "1.20"]
[White "Semianiuk, Catherine"]
[Black "Zhou, Felix"]
[Result "0-1"]
[WhiteElo "942"]
[BlackElo "1388"]
[PlyCount "94"]
[EventDate "2023.01.06"]
[EventType "swiss"]
[EventRounds "5"]
[EventCountry "CAN"]

1. e4 e6 2. d4 d5 3. e5 c5 4. c3 Nc6 5. Nf3 Bd7 6. Bd3 Qb6 7. Qb3 Qc7 8. Qc2
Nge7 9. dxc5 Ng6 10. Be3 Ncxe5 11. Nbd2 Nxd3+ 12. Qxd3 Bxc5 13. O-O a6 14. Qc2
Bxe3 15. fxe3 Qb6 16. Rae1 Rc8 17. Kh1 O-O 18. h4 Qd8 19. h5 Nh4 20. g3 Nf5 21.
Rg1 Nd6 22. e4 dxe4 23. Nxe4 Nxe4 24. Rxe4 Bc6 25. Re3 Bxf3+ 26. Rxf3 Qd5 27.
Rgf1 Qxh5+ 28. Kg2 Qg6 29. Qe2 Rcd8 30. Rf4 Qd3 31. Qh5 Qc2+ 32. R4f2 Rd2 33.
Qf3 Qxb2 34. Qf4 Rxf2+ 35. Rxf2 Qxc3 36. Rf3 Qc2+ 37. Rf2 Qc6+ 38. Kg1 Qc5 39.
Kg2 e5 40. Qf5 Qd5+ 41. Kg1 f6 42. g4 Re8 43. Rh2 Qd4+ 44. Kg2 h6 45. Qg6 Rc8
46. Rxh6 Qd2+ 47. Kf3 Rc3+ 0-1